El imperialismo catalán (Record no. 67501)

MARC details
000 -LEADER
campo de control de longitud fija 01179nam a2200325 i 4500
001 - NÚMERO DE CONTROL
campo de control 67501
003 - IDENTIFICADOR DE NÚMERO DE CONTROL
campo de control ES-MaACL
005 - FECHA Y HORA DE LA ÚLTIMA TRANSACCIÓN
campo de control 20250910213743.0
007 - CAMPO FIJO DE DESCRIPCIÓN FÍSICA--INFORMACIÓN GENERAL
campo de control de longitud fija t|
008 - DATOS DE LONGITUD FIJA--INFORMACIÓN GENERAL
campo de control de longitud fija 040601s2003 sp ||||0| spa d
020 ## - NÚMERO INTERNACIONAL ESTÁNDAR DEL LIBRO
Número Internacional Estándar del Libro 84-350-2649-3
080 ## - NÚMERO DE LA CLASIFICACIÓN DECIMAL UNIVERSAL
Número de la Clasificación Decimal Universal 929 Prat de la Riba, Enric :32
080 ## - NÚMERO DE LA CLASIFICACIÓN DECIMAL UNIVERSAL
Número de la Clasificación Decimal Universal 929 Cambó, Francesc :32
080 ## - NÚMERO DE LA CLASIFICACIÓN DECIMAL UNIVERSAL
Número de la Clasificación Decimal Universal 929 Ors, Eugenio d':32
080 ## - NÚMERO DE LA CLASIFICACIÓN DECIMAL UNIVERSAL
Número de la Clasificación Decimal Universal 323.17(460.23)"18/19"
100 1# - ENTRADA PRINCIPAL--NOMBRE DE PERSONA
Nombre de persona Ucelay Da Cal, Enric.
9 (RLIN) 111851
245 13 - MENCIÓN DEL TÍTULO
Título El imperialismo catalán
Resto del título : Prat de la Riba, Cambó, D'Ors y la conquista moral de España /
Mención de responsabilidad, etc. Enric Ucelay-Da Cal.
250 ## - MENCION DE EDICION
Mención de edición 1ª ed.
260 ## - PUBLICACIÓN, DISTRIBUCIÓN, ETC.
Lugar de publicación, distribución, etc. Barcelona :
Nombre del editor, distribuidor, etc. Edhasa,
Fecha de publicación, distribución, etc. 2003.
300 ## - DESCRIPCIÓN FÍSICA
Extensión 1097 p., [32] p. de lám. ;
Dimensiones 23 cm.
490 1# - MENCIÓN DE SERIE
Mención de serie Ensayo histórico
504 ## - NOTA DE BIBLIOGRAFÍA, ETC.
Nota de bibliografía, etc. Referencias bibliográficas.
600 14 - PUNTO DE ACCESO ADICIONAL DE MATERIA--NOMBRE DE PERSONA
Nombre de persona Prat de la Riba, Enric,
Fechas asociadas al nombre 1870-1917-
Subdivisión general Pensamiento político
9 (RLIN) 93675
600 14 - PUNTO DE ACCESO ADICIONAL DE MATERIA--NOMBRE DE PERSONA
Nombre de persona Cambó, Francesc,
Fechas asociadas al nombre 1876-1947-
Subdivisión general Pensamiento político
9 (RLIN) 34033
600 04 - PUNTO DE ACCESO ADICIONAL DE MATERIA--NOMBRE DE PERSONA
Nombre de persona Ors, Eugenio d',
Fechas asociadas al nombre 1881-1954-
Subdivisión general Pensamiento político
9 (RLIN) 87362
650 #4 - PUNTO DE ACCESO ADICIONAL DE MATERIA--TÉRMINO DE MATERIA
Término de materia o nombre geográfico como elemento de entrada Nacionalismo-
Subdivisión geográfica Cataluña-
Subdivisión general Historia.
9 (RLIN) 15443
830 1# - PUNTO DE ACCESO ADICIONAL DE SERIE-TÍTULO UNIFORME
Título uniforme Ensayo histórico
9 (RLIN) 181946
852 ## - LOCALIZACIÓN
Ubicación ES-MaACL
Número de control de estantería L-27762
Holdings
Estatus retirado Estado de pérdida Estado de daño No para préstamo Biblioteca de origen Biblioteca actual Ubicación en estantería Fecha de adquisición Fuente de adquisición Total de préstamos Signatura topográfica completa Código de barras Visto por última vez Precio de reemplazo Tipo de ítem Koha
        Biblioteca del Ateneo de Madrid Biblioteca del Ateneo de Madrid Depósito 2 17/01/2008     L-27762 1070682 23/02/2023 23/02/2023 Libro impreso